| 000 | 00827nmm a2200289 a 4500 | ||
|---|---|---|---|
| 003 | AR-BaBNM | ||
| 005 | 20251128203602.0 | ||
| 008 | 056119s1972 ||||||||||||||000 | spa|| | ||
| 040 | _cAR-BaBNM | ||
| 245 | 1 | 0 | _aNarradores alemanes contemporáneos |
| 260 |
_aBuenos Aires _bSudamericana _c1972 |
||
| 300 | _a445 p. | ||
| 500 | _aContiene referencias sobre los autores seleccionados en p. 439 | ||
| 650 | 4 | _aLITERATURA ALEMANA | |
| 650 | 4 | _aLITERATURA EXTRANJERA | |
| 650 | 4 | _aANTOLOGIAS | |
| 650 | 4 | _aESCRITORES | |
| 650 | 4 | _aSIGLO VEINTE | |
| 653 | _aNARRATIVA | ||
| 655 | _aLITERATURA | ||
| 700 | 1 |
_aLangenbucher, Wolfgang R. _ecompilador |
|
| 700 | 1 |
_aBöll, Heinrich _eprologuista |
|
| 700 | 1 |
_aKahle, Sigrid _eprologuista |
|
| 700 | 1 |
_aSilvetti Paz, Norberto _etraductor |
|
| 942 | _cBK | ||
| 998 | _cMARTIN | ||
| 999 |
_c4019 _d4019 |
||